Datum a čas kvízu
18.5
Celkem bodů
Celkový počet nahraných bodů na tomto kvízu bez doplňovacích otázek.
5.
Pořadí na kvízu
Konečné umístění týmu na tomto kvízu.
Zaznamenané odpovědi
| # | Otázka | Odpověď | Body | Výsledky |
|---|---|---|---|---|
| 1. | Jistá velká česká společnost o... | 1 | ||
| 2. | Za přísných bezpečnostních opa... | 0 | ||
| 3. | Nejstreamovanější kapela roku... | 1 | ||
| 4. | Další výrobce luxusních vozů o... | 1 | ||
| 5. | Londýnský fotbalový klub Fulha... | 0 | ||
| 5. | Herečku Hanu Vagnerovou můžeme... | 0 | ||
| 5. | Jak se jmenuje herečka v roli... | 1 | ||
| 8. | Dvojnásobná olympijská vítězka... | 1 | ||
| 5. | Jak zní křestní jméno italskéh... | 1 | ||
| 10. | Přiřaďte jména známých osobnos... | 0 |